Πόλεις της Στερεάς Ελλάδας - Ξαφνικός Θάνατος - Statistics

General Stats
  • This quiz has been taken 47 times
  • The average score is 11 of 20
Answers on the Grid
Answers color-coded by a green-red scale on the quiz's grid according to % correct below.
Αγρίνιο
Αθήνα
Αίγιο
Ακράτα
Άμφισσα
Αμφιλοχία
Αντίρριο
Αράχωβα
Άργος
Γιαννιτσά
Γύθειο
Ελευσίνα
Θήβα
Ιτέα
Καρδίτσα
Καρπενήσι
Κάρυστος
Κόρινθος
Λαμία
Λάρισα
Λαύριο
Λευκίμμη
Λιβαδειά
Μεθώνη
Μεσολόγγι
Νάουσα
Ναύπακτος
Ναύπλιο
Πειραιάς
Περαία
Πρέβεζα
Ρίο
Σαλαμίνα
Σκιάθος
Σούνιο
Χαλκίδα
 
Answer Stats
Answer % Correct
Θήβα
76%
Μεσολόγγι
76%
Άμφισσα
71%
Λαμία
71%
Αγρίνιο
67%
Αθήνα
67%
Αράχωβα
67%
Καρπενήσι
67%
Λιβαδειά
67%
Ιτέα
57%
Ελευσίνα
48%
Λαύριο
43%
Ναύπακτος
43%
Αντίρριο
38%
Χαλκίδα
38%
Κάρυστος
33%
Πειραιάς
33%
Σούνιο
33%
Αμφιλοχία
29%
Σαλαμίνα
29%
No matching quizzes found
Score Distribution
Percent of People with Each Score
Percentile by Number Answered
Your Score History
You have not taken this quiz